000 00273nam a2200097Ia 4500
001 967746
005 20250826220330.0
008 250824s9999 xx 000 0 und d
245 0 _aKÜÇÜK ŞEYLER 3 YAŞAMA YERLEŞMEK
_cÜSTÜN DÖKMEN
260 _bREMZİ KİTABEVİ YAYINLARI
999 _c967746
_d967746